Мир человека: сборник

গ্রন্থ-পঞ্জীর বিবরন
অন্যান্য লেখক: Романов А. А. Александр Алексеевич (составитель)
ভাষা:রুশ
প্রকাশিত: Москва, Молодая гвардия, 1986
বিষয়গুলি:
বিন্যাস: গ্রন্থ
KOHA link:https://koha.lib.tpu.ru/cgi-bin/koha/opac-detail.pl?biblionumber=267138

MARC

LEADER 00000nam0a2200000 4500
001 267138
005 20231101234047.0
020 |a RU  |b 85-22433 
035 |a (RuTPU)RU\TPU\book\290174 
090 |a 267138 
100 |a 20140722d1986 m a0rusy5003 ca 
101 0 |a rus 
102 |a RU 
105 |a y z 000zy 
200 1 |a Мир человека  |e сборник  |f сост. А. А. Романов 
210 |a Москва  |c Молодая гвардия  |d 1986 
215 |a 191 с.  |c ил. 
606 1 |a Религия  |2 stltpush  |3 (RuTPU)RU\TPU\subj\24948  |9 49212 
610 1 |a духовный мир 
610 1 |a атеизм 
610 1 |a мировоззрение 
610 1 |a атеистическое воспитание 
686 |a Э2  |2 rubbk 
702 1 |a Романов  |b А. А.  |g Александр Алексеевич  |4 220 
801 0 |a RU  |b RuMRKP  |c 19950704  |g psbo 
801 1 |a RU  |b 63413507  |c 20140722 
801 2 |a RU  |b 63413507  |c 20150915  |g RCR 
942 |c BK